Excellence in business communication

Saved in:
Bibliographic Details
Main Author: Thill, John V.
Format: Book
Language:Undetermined
Published: New Jersey Pearson 2005
Subjects:
Tags: Add Tag
No Tags, Be the first to tag this record!
Institutions: Trung tâm Học liệu Trường Đại học Cần Thơ
LEADER 00552nam a2200205Ia 4500
001 CTU_96192
008 210402s9999 xx 000 0 und d
020 |c 351000 
082 |a 658.4 
082 |b T441 
100 |a Thill, John V. 
245 0 |a Excellence in business communication 
245 0 |c John V. Thill, Courtland L. Bovée 
260 |a New Jersey 
260 |b Pearson 
260 |c 2005 
650 |a Business communication 
650 |z United States 
904 |i Hiếu 
980 |a Trung tâm Học liệu Trường Đại học Cần Thơ